იმუნოლოგია : მოკლე კურსი (ბიბ.ჩანაწერი № 41517)
[ მარტივი ფორმატი ]
| 000 -ლიდერი | |
|---|---|
| ფიქსირებული სიგრძის საკონტროლო ველი | 00866nam a2200241Ia 4500 |
| 001 - საკონტროლო ნომერი | |
| საკონტროლო ველი | 8184 |
| 003 - საკონტროლო ნომრის იდენტიფიკატორი | |
| საკონტროლო ველი | GE_BSU |
| 005 - ბოლო ოპერაციის თარიღი და დრო | |
| საკონტროლო ველი | 20200407172115.0 |
| 008 - ფიქსირებული სიგრძის მონაცემთა ელემენტები - ზოგადი ინფორმაცია | |
| ფიქსირებული სიგრძის საკონტროლო ველი | 181216s2012||||ge |||||||||||||| ||geo|| |
| 020 ## - წიგნის საერთაშორისო სტანდარტული ნომერი | |
| International Standard Book Number | 9789941041266 |
| 040 ## - კატალოგიზაციის წყარო | |
| Transcribing agency | GE_BSU |
| 041 ## - ენის კოდი | |
| Language code of text/sound track or separate title | geo |
| 080 ## - უნივერსალური ათობითი კლასიფიკაციის ინდექსი | |
| Universal Decimal Classification number | 616-097(075.8) ჩ–69 |
| 100 ## - მთავარი ჩანაწერი - პიროვნების სახელი | |
| Personal name | ჩიქოვანი, თინათინ |
| 9 (RLIN) | 6831 |
| 245 ## - ცნობა სათაურის შესახებ | |
| Title | იმუნოლოგია : მოკლე კურსი |
| Remainder of title | [სახელმძღვ.] / |
| Statement of responsibility, etc | თინათინ ჩიქოვანი. |
| 245 ## - ცნობა სათაურის შესახებ | |
| Remainder of title | |
| 250 ## - გამოცემის ცნობა | |
| Edition statement | 2-ე გამოც. |
| 264 ## - წარმოების, გამოცემის, დისტრიბუციის და სხვა ცნობები | |
| გამოცემის, წარმოების, დისტრიბუციის... ადგილი | თბილისი : |
| გამოცემის, წარმოების, დისტრიბუციის... სახელწოდება | საუნჯე , |
| გამოცემის, წარმოების, დისტრიბუციის... თარიღი | 2012. |
| 300 ## - ფიზიკური აღწერა | |
| Extent | 229 გვ.: |
| Other physical details | სურ., ცხრ. + 3 ჩართ. ფ. ილ. |
| Dimensions | 29 სმ. |
| 653 ## - INDEX TERM--UNCONTROLLED | |
| Uncontrolled term | იმუნოლოგია |
| 653 ## - INDEX TERM--UNCONTROLLED | |
| Uncontrolled term | მედიცინა |
| 942 ## - ADDED ENTRY ELEMENTS (KOHA) | |
| Koha item type | წიგნი |
| Source of classification or shelving scheme | |
| ჩამოწერის სტატუსი | დაკარგული ეგზემპლარის სტატუსი | კლასიფიკაციის წყარო ან თაროზე გაწყობის სქემა | დაზიანების სტატუსი | არ გაიცემა | მუდმივი მდებარეობა (დაცვის ადგილი) | ამჟამინდელი ადგილსამყოფელი | თაროზე განთავსების ადგილი | შეძენის თარიღი | ღირებულება, შესყიდვის ნორმალური ფასი | სრული შენახვის შიფრი | შტრიხკოდი | ბოლო ოპერაციის თარიღი | ეგზემპლარის მიმდევრობითი ნომერი (კეტერი?) | ფასის ძალაში შესვლის თარიღი | ეგზემპლარის სახეობა | საჯარო შენიშვნა |
|---|---|---|---|---|---|---|---|---|---|---|---|---|---|---|---|---|
| ბათუმის შოთა რუსთაველის სახელმწიფო უნივერსიტეტის მთავარი ბიბლიოთეკა | ბათუმის შოთა რუსთაველის სახელმწიფო უნივერსიტეტის მთავარი ბიბლიოთეკა | წიგნსაცავი | 2018-12-17 | 20.00 | 616-097(075.8) ჩ–69 | 26500 | 2018-12-17 | 26500 | 2018-12-17 | წიგნი | 20.00 | |||||
| ბათუმის შოთა რუსთაველის სახელმწიფო უნივერსიტეტის მთავარი ბიბლიოთეკა | ბათუმის შოთა რუსთაველის სახელმწიფო უნივერსიტეტის მთავარი ბიბლიოთეკა | წიგნსაცავი | 2018-12-17 | 20.00 | 616-097(075.8) ჩ–69 | 26501 | 2018-12-17 | 26501 | 2018-12-17 | წიგნი | 20..00 | |||||
| ბათუმის შოთა რუსთაველის სახელმწიფო უნივერსიტეტის მთავარი ბიბლიოთეკა | ბათუმის შოთა რუსთაველის სახელმწიფო უნივერსიტეტის მთავარი ბიბლიოთეკა | წიგნსაცავი | 2018-12-17 | 20.00 | 616-097(075.8) ჩ–69 | 26502 | 2018-12-17 | 26502 | 2018-12-17 | წიგნი | 20..00 | |||||
| ბათუმის შოთა რუსთაველის სახელმწიფო უნივერსიტეტის მთავარი ბიბლიოთეკა | ბათუმის შოთა რუსთაველის სახელმწიფო უნივერსიტეტის მთავარი ბიბლიოთეკა | წიგნსაცავი | 2018-12-17 | 20.00 | 616-097(075.8) ჩ–69 | 26503 | 2018-12-17 | 26503 | 2018-12-17 | წიგნი | 20..00 | |||||
| ბათუმის შოთა რუსთაველის სახელმწიფო უნივერსიტეტის მთავარი ბიბლიოთეკა | ბათუმის შოთა რუსთაველის სახელმწიფო უნივერსიტეტის მთავარი ბიბლიოთეკა | წიგნსაცავი | 2018-12-17 | 20.00 | 616-097(075.8) ჩ–69 | 26504 | 2018-12-17 | 26504 | 2018-12-17 | წიგნი | 20..00 |
